| 000 | 01938nam0a2200301 4500 | ||
|---|---|---|---|
| 001 | RU\NLR\bibl\39508 | ||
| 005 | 20260405055839.0 | ||
| 021 |
_aRU _b99-10022 _9484 |
||
| 035 | _a(NLR Aleph) 000038521 | ||
| 090 |
_a199566 _c199566 |
||
| 100 | _a19990721d1999 |||y0rusy50 ca | ||
| 101 | 0 | _arus | |
| 102 | _aRU | ||
| 105 | _ay ||||||||| | ||
| 200 | 1 |
_aОчистка сточных вод от ионов тяжелых металлов с созданием оборотного цикла гальванического производства _e(Решение экол. пробл. аэрокосм., авиац., оборон., судостроит., приборостроит. и электр. пром-сти, а также тяжелого, энерг., трансп. и строит.-дор. машиностроения) _fБейгельдруд Г.М., Макаренко С.Н. _gАкад. естеств. наук Рос. Федерации, Центр изуч. осадоч. бассейнов |
|
| 205 | _a2-е изд., испр. и доп. | ||
| 210 |
_aМ. _cЦентр изуч. осадоч. бассейнов _cАкад. естеств. наук Рос. Федерации _d1999 |
||
| 215 |
_a23 с. _d21 |
||
| 606 | 0 |
_aГальванические цехи _xСточные воды _xОчистка от ионов тяжелых металлов _92101193 _3RU\NLR\auth\661270759 |
|
| 686 | _aК663.054.9 | ||
| 700 | 1 |
_4070 _8rus _7ca _aБейгельдруд _bГ.М. _gГригорий Михайлович _3RU\NLR\auth\7719286 _92358 |
|
| 701 | 1 |
_aМакаренко _bС. Н. _gСергей Николаевич _4070 |
|
| 801 | 0 |
_aRU _bNLR _c19990721 _gPSBO |
|
| 801 | 1 |
_aRU _bNLR _c19990721 |
|
| 852 |
_aNLR _j99-4/4188 |
||
| 942 | _cBOOK | ||
| 980 | _aNB | ||